000 01271nam a2200313 i 4500
001 187197
003 SpMaBN
005 20250808090245.0
008 170504s1986 ck cf |||| | spa d
080 _a342.4(861)"18"
100 1 _aCaro, Miguel Antonio,
_d1843-1909
_935400
245 1 0 _aEstudios constitucionales y jurídicos /
_cMiguel Antonio Caro ; compilación, introducción y notas por Carlos Valderrama Andrade.
260 _aBogotá :
_bInstituto Caro y Cuervo,
_c1986.
300 _a2 v. (LIII, 531 p., XIII h. de lám. ; 480 p., V h. de lám.) ;
_c22 cm.
490 1 _aObras completas de Miguel Antonio Caro ;
_v6-7
490 1 _aBiblioteca colombiana ;
_v26-27
500 _aÍndices
505 8 _aPrimera serie; Segunda serie
599 _aRetr. del autor en ambos v.
650 7 _aDerecho constitucional-
_zColombia.
_9162535
650 0 4 _aDerecho constitucional-
_zAmérica Latina
_911681
700 1 _aValderrama Andrade, Carlos.
_9160111
710 2 _aInstituto Caro y Cuervo.
_94806
830 0 _aObras completas de Miguel Antonio Caro ;
_v6-7
_9192742
830 0 _aBiblioteca colombiana ;
_v26-27
_9192743
852 _aES-MaACL
_cDEPO2
_hDonat. herederos José Prat
_jL-31533-34
942 _2udc
999 _c187197
_d187197